000
00343nam a2200145Ia 4500
100
_a
Schildt/ Herbert
942
_c
BK
654
_a
Computer
245
_a
Schildts Windows 95 Programming in C and C++
260
_b
Osborne Mc graw Hill
_a
Berkeley
_c
1995
082
_a
005.133'W'
_b
SCH
300
_a
447
546
_a
ENGLISH
999
_c
26384
_d
26384